000 01095nam a2200277 i 4500
001 184021
003 ES-MaACL
005 20250804105439.0
008 150223s2011 sp a | |||||||| | spa d
020 _a978-84-15177-14-2
080 _a94(460)"1936/39"
100 1 _aCampoamor, Clara,
_d1888-1972
_934230
245 1 3 _aLa revolución española vista por una republicana /
_cClara Campoamor ; edición y traducción de Luis Español Bouché.
250 _a4ª ed. amp. y rev.
260 _aSevilla :
_bEspuela de Plata,
_c2011.
300 _a267 p. :
_bil. ;
_c21 cm.
490 1 _aEspaña en armas ;
_v2
504 _aBibliografía: p. 253-255.
651 4 _aEspaña-
_xHistoria-
_y1936-1939, Guerra civil.
_98292
700 1 _aEspañol Bouché, Luis,
_d1964-
_947768
830 0 _aEspaña en armas ;
_v2
_9185370
852 4 _aES-MaACL
_jA-13396
_9190987
_bR.150168
_cDEPO1
_dOlim: N-6396
_gDedicatoria autógrafa de editor
_hDonación: Luis Español Bouché
903 _aEspañol Bouché, Luis,
_d1964-
_ednr
_947768
942 _2udc
_cMONOGRAFIA
999 _c184021
_d184021